Processy formoizmenenie metallov i splavov

Na minha lista:
Detalhes bibliográficos
Formato: Livro
Idioma:russo
Publicado em: Moskva : Nauka, 1971
Assuntos:
Tags: Adicionar Tag
Sem tags, seja o primeiro a adicionar uma tag!

MARC

LEADER 00000nam a22000003a 4500
001 stu40907
005 20141122045014.2
008 930601s1971----xxr-----------------rus-d
040 |a STU  |b slo 
041 0 |a rus 
044 |a xxr 
080 |a 621.7.04 
245 |a Processy formoizmenenie metallov i splavov 
260 |a Moskva :  |b Nauka,  |c 1971 
300 |a 206 s 
650 7 |a tvárnenie  |2 stusub 
650 7 |a spracovanie  |2 stusub 
996 |b 284M062275  |c M*3211-1  |l MMKN  |s A  |a 24  |w stu40907_0001